<?xml version="1.0" encoding="UTF-8"?>
<record
    xmlns:xsi="http://www.w3.org/2001/XMLSchema-instance"
    xsi:schemaLocation="http://www.loc.gov/MARC21/slim http://www.loc.gov/standards/marcxml/schema/MARC21slim.xsd"
    xmlns="http://www.loc.gov/MARC21/slim">

  <leader>02885nam a22003857a 4500</leader>
  <controlfield tag="003">OSt</controlfield>
  <controlfield tag="005">20260513120430.0</controlfield>
  <controlfield tag="008">260513b        |||||||| |||| 00| 0 aze d</controlfield>
  <datafield tag="040" ind1=" " ind2=" ">
    <subfield code="a">AZ-XaKU</subfield>
    <subfield code="b">aze</subfield>
    <subfield code="c">AZ-XaKU</subfield>
  </datafield>
  <datafield tag="041" ind1="0" ind2=" ">
    <subfield code="a">aze</subfield>
  </datafield>
  <datafield tag="050" ind1="1" ind2="4">
    <subfield code="a">ML128 .W8931 .Sa172 2019</subfield>
  </datafield>
  <datafield tag="245" ind1="1" ind2="0">
    <subfield code="a">"Musiqi D&#xFC;nyas&#x131;" jurnal&#x131;</subfield>
    <subfield code="b">: biblioqrafiya 1999-2019</subfield>
    <subfield code="c">/ ideya m&#xFC;&#x259;llifi v&#x259; n&#x259;&#x15F;rin elmi redaktoru: Tariyel M&#x259;mm&#x259;dov ; t&#x259;rtib&#xE7;il&#x259;r: F&#x259;xriyy&#x259; S&#x259;f&#x259;r&#x259;liyeva, Lal&#x259; Hac&#x131;yeva ; r&#x259;y&#xE7;il&#x259;r: N&#x259;rmin&#x259; Quliyeva, C&#x259;mil&#x259; H&#x259;s&#x259;nova ; r&#x259;ssam: Alina Cahangirova ; s&#x259;hif&#x259;l&#x259;yici v&#x259; texniki redaktor: &#x130;rina Ti&#x15F;akova </subfield>
  </datafield>
  <datafield tag="264" ind1=" " ind2=" ">
    <subfield code="a">Bak&#x131;:</subfield>
    <subfield code="c">2019.</subfield>
  </datafield>
  <datafield tag="300" ind1=" " ind2=" ">
    <subfield code="a">248 s&#x259;hif&#x259; ;</subfield>
    <subfield code="c">20 sm.</subfield>
  </datafield>
  <datafield tag="336" ind1=" " ind2=" ">
    <subfield code="a">text</subfield>
    <subfield code="b">txt</subfield>
    <subfield code="2">rdacontent</subfield>
  </datafield>
  <datafield tag="337" ind1=" " ind2=" ">
    <subfield code="a">unmediated</subfield>
    <subfield code="b">n</subfield>
    <subfield code="2">rdamedia</subfield>
  </datafield>
  <datafield tag="338" ind1=" " ind2=" ">
    <subfield code="a">volume </subfield>
    <subfield code="b">nc</subfield>
    <subfield code="2">rdacarrier</subfield>
  </datafield>
  <datafield tag="500" ind1=" " ind2=" ">
    <subfield code="a">&#xDC;.Hac&#x131;b&#x259;yli ad&#x131;na Bak&#x131; Musiqi Akademiyas&#x131;n&#x131;n 100 illiyi m&#xFC;nasib&#x259;til&#x259;</subfield>
  </datafield>
  <datafield tag="500" ind1=" " ind2=" ">
    <subfield code="a">Kitab &#xDC;.Hac&#x131;b&#x259;yli ad&#x131;na Bak&#x131; Musiqi Akademiyas&#x131;n&#x131;n "Az&#x259;rbaycan &#x259;n&#x259;n&#x259;vi musiqisi v&#x259; m&#xFC;asir texnologiyalar" kafedras&#x131; t&#x259;r&#x259;find&#x259;n &#xE7;apa haz&#x131;rlanm&#x131;&#x15F;d&#x131;r.</subfield>
  </datafield>
  <datafield tag="520" ind1=" " ind2=" ">
    <subfield code="a">&#x201C;Musiqi D&#xFC;nyas&#x131;&#x201D; jurnal&#x131; 1999-cu ild&#x259; Az&#x259;rbaycan B&#x259;st&#x259;karlar &#x130;ttifaq&#x131; v&#x259; &#xDC;.Hac&#x131;b&#x259;yli ad&#x131;na Bak&#x131; Musiqi Akademiyas&#x131; t&#x259;r&#x259;find&#x259;n t&#x259;sis edilmi&#x15F;dir. M&#x259;qs&#x259;d v&#x259; m&#x259;ram&#x131;na g&#xF6;r&#x259; klassik musiqi-analitik, publisistik jurnallar&#x131;n (&#xAB;&#x421;&#x43E;&#x432;&#x435;&#x442;&#x441;&#x43A;&#x430;&#x44F; &#x43C;&#x443;&#x437;&#x44B;&#x43A;&#x430;&#xBB;, &#xAB;&#x41C;&#x443;&#x437;&#x44B;&#x43A;&#x430;&#x43B;&#x44C;&#x43D;&#x430;&#x44F; &#x430;&#x43A;&#x430;&#x434;&#x435;&#x43C;&#x438;&#x44F;&#xBB;, &#xAB;&#x41C;&#x438;&#x440; &#x43C;&#x443;&#x437;&#x44B;&#x43A;&#x438;&#xBB;, &#xAB;&#x41C;&#x443;&#x437;&#x44B;&#x43A;&#x430;&#x43B;&#x44C;&#x43D;&#x430;&#x44F; &#x436;&#x438;&#x437;&#x43D;&#x44C;&#xBB; v&#x259; s.) &#x259;n&#x259;n&#x259;l&#x259;ri &#xFC;z&#x259;rind&#x259; qurularaq, &#x259;n&#x259;n&#x259;vi m&#x259;d&#x259;niyy&#x259;tin, b&#x259;st&#x259;karl&#x131;q m&#x259;kt&#x259;binin, &#x15F;ifahi &#x259;n&#x259;n&#x259;li professional musiqinin milli koloriti, etnoantropoloji m&#xFC;hit, tarix, dil, &#x259;d&#x259;biyyat v&#x259; s. c&#x259;h&#x259;tl&#x259;rin adekvat qavran&#x131;lmas&#x131; n&#x259;z&#x259;r&#x259; al&#x131;nm&#x131;&#x15F;d&#x131;r.
&#xDC;mumi Biblioqrafiya 1999-cu ild&#x259;n 2019-cu il&#x259; kimi "Musiqi D&#xFC;nyas&#x131;" jurnal&#x131;n&#x131;n s&#x259;hif&#x259;l&#x259;rind&#x259; &#xE7;ap olunmu&#x15F; m&#x259;qal&#x259;l&#x259;r daxildir. Ayr&#x131;-ayr&#x131; b&#xF6;lm&#x259;l&#x259;rd&#x259; &#x201C;Musiqi D&#xFC;nyas&#x131;" jurnal&#x131;n&#x131;n 20 illik f&#x259;aliyy&#x259;ti &#x259;rzind&#x259; m&#xF6;vzular &#xFC;zr&#x259; rubrikalar&#x131;n v&#x259; m&#xFC;&#x259;llifl&#x259;rin siyah&#x131;s&#x131; &#xF6;z &#x259;ksini tapm&#x131;&#x15F;d&#x131;r.</subfield>
  </datafield>
  <datafield tag="521" ind1=" " ind2=" ">
    <subfield code="a">Musiqi&#x15F;&#xFC;naslar, s&#x259;n&#x259;t&#x15F;&#xFC;naslar, musiqi n&#x259;z&#x259;riyy&#x259;&#xE7;il&#x259;ri v&#x259; t&#x259;dqiqat&#xE7;&#x131;lar &#xFC;&#xE7;&#xFC;n</subfield>
  </datafield>
  <datafield tag="650" ind1=" " ind2="7">
    <subfield code="2">AZ-XaKU</subfield>
    <subfield code="a">Musiqi</subfield>
    <subfield code="x">D&#xF6;vri n&#x259;&#x15F;rl&#x259;r</subfield>
    <subfield code="z">Az&#x259;rbaycan</subfield>
  </datafield>
  <datafield tag="655" ind1=" " ind2=" ">
    <subfield code="2">AZ-XaKU</subfield>
    <subfield code="a">Biblioqrafiya</subfield>
  </datafield>
  <datafield tag="700" ind1="1" ind2=" ">
    <subfield code="a">M&#x259;mm&#x259;dov, Tariyel,</subfield>
    <subfield code="e">ideya m&#xFC;&#x259;llifi v&#x259; n&#x259;&#x15F;rin elmi redaktoru.</subfield>
  </datafield>
  <datafield tag="700" ind1="1" ind2=" ">
    <subfield code="a">S&#x259;f&#x259;r&#x259;liyeva, F&#x259;xriyy&#x259;,</subfield>
    <subfield code="e">t&#x259;rtib&#xE7;i.</subfield>
  </datafield>
  <datafield tag="700" ind1="1" ind2=" ">
    <subfield code="a">Hac&#x131;yeva, Lal&#x259;,  </subfield>
    <subfield code="e">t&#x259;rtib&#xE7;i.</subfield>
  </datafield>
  <datafield tag="700" ind1="1" ind2=" ">
    <subfield code="a">Quliyeva, N&#x259;rmin&#x259;,</subfield>
    <subfield code="e">r&#x259;y&#xE7;i.</subfield>
  </datafield>
  <datafield tag="700" ind1="1" ind2=" ">
    <subfield code="a">H&#x259;s&#x259;nova, C&#x259;mil&#x259;,  </subfield>
    <subfield code="e">r&#x259;y&#xE7;i.</subfield>
  </datafield>
  <datafield tag="700" ind1="1" ind2=" ">
    <subfield code="a">Cahangirova, Alina, </subfield>
    <subfield code="e">r&#x259;ssam.</subfield>
  </datafield>
  <datafield tag="700" ind1="1" ind2=" ">
    <subfield code="a">Ti&#x15F;akova, &#x130;rina,  </subfield>
    <subfield code="e">s&#x259;hif&#x259;l&#x259;yici v&#x259; texniki redaktor.</subfield>
  </datafield>
  <datafield tag="710" ind1="1" ind2=" ">
    <subfield code="a">Az&#x259;rbaycan Respublikas&#x131; T&#x259;hsil Nazirliyi.</subfield>
  </datafield>
  <datafield tag="710" ind1="2" ind2=" ">
    <subfield code="a">&#xDC;.Hac&#x131;b&#x259;yli ad&#x131;na Bak&#x131; Musiqi Akademiyas&#x131;.</subfield>
  </datafield>
  <datafield tag="942" ind1=" " ind2=" ">
    <subfield code="c">BOOK</subfield>
  </datafield>
  <datafield tag="999" ind1=" " ind2=" ">
    <subfield code="c">437</subfield>
    <subfield code="d">437</subfield>
  </datafield>
  <datafield tag="952" ind1=" " ind2=" ">
    <subfield code="0">0</subfield>
    <subfield code="1">0</subfield>
    <subfield code="2">lcc</subfield>
    <subfield code="4">0</subfield>
    <subfield code="7">0</subfield>
    <subfield code="8">FA</subfield>
    <subfield code="a">KU</subfield>
    <subfield code="b">KUA</subfield>
    <subfield code="d">2026-05-13</subfield>
    <subfield code="l">0</subfield>
    <subfield code="o">ML128 .W8931 .Sa172 2019</subfield>
    <subfield code="p">0000001215</subfield>
    <subfield code="r">2026-05-13 10:47:00</subfield>
    <subfield code="t">1</subfield>
    <subfield code="w">2026-05-13</subfield>
    <subfield code="y">BOOK</subfield>
  </datafield>
  <datafield tag="952" ind1=" " ind2=" ">
    <subfield code="0">0</subfield>
    <subfield code="1">0</subfield>
    <subfield code="2">lcc</subfield>
    <subfield code="4">0</subfield>
    <subfield code="7">0</subfield>
    <subfield code="8">FA</subfield>
    <subfield code="a">KU</subfield>
    <subfield code="b">KUA</subfield>
    <subfield code="d">2026-05-13</subfield>
    <subfield code="l">0</subfield>
    <subfield code="o">ML128 .W8931 .Sa172 2019 c.2</subfield>
    <subfield code="p">0000001216</subfield>
    <subfield code="r">2026-05-13 10:47:00</subfield>
    <subfield code="t">2</subfield>
    <subfield code="w">2026-05-13</subfield>
    <subfield code="y">BOOK</subfield>
  </datafield>
  <datafield tag="952" ind1=" " ind2=" ">
    <subfield code="0">0</subfield>
    <subfield code="1">0</subfield>
    <subfield code="2">lcc</subfield>
    <subfield code="4">0</subfield>
    <subfield code="7">0</subfield>
    <subfield code="8">FA</subfield>
    <subfield code="a">KU</subfield>
    <subfield code="b">KUA</subfield>
    <subfield code="d">2026-05-13</subfield>
    <subfield code="l">0</subfield>
    <subfield code="o">ML128 .W8931 .Sa172 2019 c.3</subfield>
    <subfield code="p">0000001217</subfield>
    <subfield code="r">2026-05-13 10:47:00</subfield>
    <subfield code="t">3</subfield>
    <subfield code="w">2026-05-13</subfield>
    <subfield code="y">BOOK</subfield>
  </datafield>
</record>
